Reason and responsibility : (Record no. 7290)
[ view plain ]
| 000 -LEADER | |
|---|---|
| fixed length control field | 01000cam a2200253 a 4500 |
| 001 - CONTROL NUMBER | |
| control field | 12307606 |
| 005 - DATE AND TIME OF LATEST TRANSACTION | |
| control field | 20250818145727.0 |
| 008 - FIXED-LENGTH DATA ELEMENTS--GENERAL INFORMATION | |
| fixed length control field | 010212s2002 cau b 000 0 eng |
| 020 ## - INTERNATIONAL STANDARD BOOK NUMBER | |
| International Standard Book Number | 0534573525 |
| 020 ## - INTERNATIONAL STANDARD BOOK NUMBER | |
| International Standard Book Number | 9780534573522 |
| 050 00 - LIBRARY OF CONGRESS CALL NUMBER | |
| Classification number | B29 |
| Item number | .R367 2002 |
| 082 00 - DEWEY DECIMAL CLASSIFICATION NUMBER | |
| Classification number | 100 |
| Edition information | 21 |
| 245 00 - TITLE STATEMENT | |
| Title | Reason and responsibility : |
| Remainder of title | readings in some basic problems of philosophy / |
| Statement of responsibility, etc. | edited by Joel Feinberg, Russ Shafer-Landau. |
| 250 ## - EDITION STATEMENT | |
| Edition statement | 11th ed. |
| 260 ## - PUBLICATION, DISTRIBUTION, ETC. | |
| Place of publication, distribution, etc. | Belmont, CA : |
| Name of publisher, distributor, etc. | Wadsworth/Thomson Learning, |
| Date of publication, distribution, etc. | c2002. |
| 300 ## - PHYSICAL DESCRIPTION | |
| Extent | viii, 792 p. ; |
| Dimensions | 24 cm. |
| 650 #0 - SUBJECT ADDED ENTRY--TOPICAL TERM | |
| Topical term or geographic name entry element | Philosophy. |
| 700 1# - ADDED ENTRY--PERSONAL NAME | |
| Personal name | Feinberg, Joel, |
| Dates associated with a name | 1926-2004. |
| 700 1# - ADDED ENTRY--PERSONAL NAME | |
| Personal name | Shafer-Landau, Russ. |
| 856 42 - ELECTRONIC LOCATION AND ACCESS | |
| Materials specified | Contributor biographical information |
| Uniform Resource Identifier | <a href="http://www.loc.gov/catdir/enhancements/fy1515/2001022239-b.html">http://www.loc.gov/catdir/enhancements/fy1515/2001022239-b.html</a> |
| 856 42 - ELECTRONIC LOCATION AND ACCESS | |
| Materials specified | Publisher description |
| Uniform Resource Identifier | <a href="http://www.loc.gov/catdir/enhancements/fy1515/2001022239-d.html">http://www.loc.gov/catdir/enhancements/fy1515/2001022239-d.html</a> |
| 856 41 - ELECTRONIC LOCATION AND ACCESS | |
| Materials specified | Table of contents only |
| Uniform Resource Identifier | <a href="http://www.loc.gov/catdir/enhancements/fy1515/2001022239-t.html">http://www.loc.gov/catdir/enhancements/fy1515/2001022239-t.html</a> |
| 942 ## - ADDED ENTRY ELEMENTS (KOHA) | |
| Source of classification or shelving scheme | Library of Congress Classification |
| Koha item type | Books |
| Suppress in OPAC | No |
| 999 ## - | |
| -- | 7290 |
| -- | 7290 |
| Withdrawn status | Lost status | Source of classification or shelving scheme | Damaged status | Not for loan | Collection | Home library | Current library | Shelving location | Date acquired | Total checkouts | Full call number | Barcode | Date last seen | Copy number | Price effective from | Koha item type |
|---|---|---|---|---|---|---|---|---|---|---|---|---|---|---|---|---|
| Library of Congress Classification | Non-fiction | Undergraduate Library (Christ Temple) | Undergraduate Library (Christ Temple) | General stacks | 08/18/2025 | B 29 REA | ulct00004358 | 08/18/2025 | 1 | 08/18/2025 | Reference |